000 00660nam a2200229 a 4500
001 66798
003 BD-RjUL
005 20211209081559.0
008 170320m19551919nyua 001 0 eng d
035 _a(BD-RjUL)66929
040 _aDLC
_cOSW
_dOCoLC
_dBD-RjUL
_beng
041 _aeng
082 _223
_a510
_bCAH 1955
100 1 _aCajori, Florian
_9197759
245 1 2 _aA history of mathematics /
_cby Florian Cajori
250 _a2d ed., rev. and enl.
260 _aNew York :
_bThe Macmillan Company,
_c1919 [Printing 1955].
300 _aviii, 514 p. :
_bill. ;
_c22 cm.
500 _aInclude Index.
650 0 _aMathematics
_9197760
942 _2ddc
_cBK
999 _c66798
_d66798